Detalles MARC
| 000 -LIDER |
| fixed length control field |
00850nam a22003135b 4500 |
| 001 - NÚMERO DE CONTROL |
| Identificador de número de control |
00379 |
| 003 - IDENTIFICACDOR DE NÚMERO DE CONTROL |
| control field |
DO-SdBNP |
| 005 - DATE AND TIME OF LATEST TRANSACTION |
| control field |
20171214105100.0 |
| 007 - CAMPOS FIJOS DE DESCRIPCIÓN FÍSICA |
| fixed length control field |
00379 |
| 008 - ELEMENTOS DE LONGITUD FIJA |
| fixed length control field |
931125s1977 ag | |||| ||spa |
| 016 7# - NO. DE CONTROL DE LA AGENCIA BIB. NACIONAL |
| Record control number |
|
| Source |
BPMSU |
| 017 ## - NÚMERO DE REGISTRO DE DERECHOS DE AUTOR |
| Copyright or legal deposit number |
|
| Assigning agency |
|
| 020 ## - ISBN |
| International Standard Book Number |
|
| 035 ## - NÚMERO LOCAL |
| System control number |
|
| 040 ## - FUENTE DE CATALOGACIÓN |
| Agencia que crea de manera original el registro |
BPMSU |
| Idioma de catalogación |
spa |
| Agencia que realiza la transcripción |
BPMSU |
| Convenciones de la despripción |
|
| 080 #0 - NÚMERO DE CLASIFICACIÓN DECIMAL UNIVERSAL |
| Universal Decimal Classification number |
|
| 100 2# - ASIENTO PRINCIPAL -- NOMBRE PERSONAL |
| Nombre personal |
Ercilla y Zúñiga, Alonso de |
| Fechas asociadas con el nombre |
1533-1594 |
| 245 13 - MENCIÓN DE TITULO |
| Título |
La Araucana / |
| Medio (Designación general de material) |
|
| Mención de responsabilidad |
Alonso de Ercilla ; estudio preliminar Eduardo Solar Correa |
| 260 ## - PUBLICACIÓN, DISTRIBUCIÓN, ETC. (PIE DE IMPRENTA) |
| Lugar de publicación, distribución, etc |
Buenos Aires : |
| Nombre del editor, distribuidor, etc. |
Francisco de Aguirre, |
| Fecha de publicación, distribución, etc |
1977 |
| 300 ## - DESCRIPCIÓN FÍSICA |
| Extensión |
618 p. ; |
| Dimensiones |
16 cm |
| 490 ## - MENCIÓN DE SERIES |
| Mención de serie |
Reino de Chile |
| 500 ## - NOTA GENERAL |
| Nota general |
Incluye índice |
| 504 ## - NOTA DE BIBLIOGRAFÍA, ETC. |
| Bibliography, etc |
|
| 700 ## - ASIENTO SECUNDARIO -- NOMBRE PERSONAL |
| Nombre personal |
Solar Correa, Eduardo |
| 830 ## - ASIENTO SECUNDARIO DE SERIE--TÍTULO UNIFORME |
| Título uniforme |
Reino de Chile |
| 942 ## - ADDED ENTRY ELEMENTS (KOHA) |
| Source of classification or shelving scheme |
Dewey Decimal Classification |
| Koha item type |
Libros |
| 945 ## - INFORMACIÓN DE PROCESAMIENTO LOCAL |
| Información de procesamiento local |
inventariado extranjero / DG |
| 956 ## - LOCAL ELECTRONIC LOCATION AND ACCESS (OCLC) |
| Nombre de host |
VMATEO |
| Número de acceso |
10 |
| Información de compresión |
20160714 |
| Trayectoria |
BPMSU |
| Nombre Electrónico |
00069 |